Alternative management regimes for multiple species fisheries

Gespeichert in:
Bibliographische Detailangaben
1. Verfasser: Kim, Chungsoo
Format: Buch
Sprache:Englisch
Veröffentlicht: Kiel Institut für Weltwirtschaft 1981
Schriftenreihe:Working Paper no. 132
Tags: Tag hinzufügen
Keine Tags, Fügen Sie das erste Tag hinzu!

MARC

LEADER 00000nam a2200000 4500
001 c113110
005 20181203150321.9
041 0 |a eng 
044 |a DE 
245 1 0 |a Alternative management regimes for multiple species fisheries  |c Chungsoo Kim 
264 1 |a Kiel  |b Institut für Weltwirtschaft  |c 1981 
300 |a 34 s. 
490 1 |a Working Paper  |v no. 132 
830 0 |a Working Paper  |v no. 132 
100 1 |a Kim, Chungsoo